| 000 | 00641cam a2200181 a 4500 | ||
|---|---|---|---|
| 001 | 000012626 | ||
| 005 | 20200929163041.0 | ||
| 008 | 761115s1975 sp 001 0 spa | ||
| 020 | _a8432505463 | ||
| 040 |
_aDO-SdBNP _bspa _cBNPHU |
||
| 082 |
_a342.02946 _bF224b |
||
| 100 | 1 |
_aFarias Garcia, Pedro. _929383 |
|
| 245 | 1 | 0 |
_aBreve historia constitucional de España : _b(seguido de los textos constitucionales desde la carta de Bayona a la ley orgánica) / _cPedro Farias. |
| 260 |
_aMadrid : _bDoncel, _c1975. |
||
| 300 |
_a442 p. ; _c18 cm. |
||
| 490 | 1 |
_aEl Libro de Bolsillo Doncel _v86 |
|
| 650 | 4 |
_aEspaña _xHistoria constitucional _929384 |
|
| 999 |
_c12280 _d12280 |
||